Normal view MARC view
  • Shah, Muneeb Ullah

Entry Personal Name

Number of records used in: 1

001 - CONTROL NUMBER

  • control field: 134108

003 - CONTROL NUMBER IDENTIFIER

  • control field: NUST

005 - DATE AND TIME OF LATEST TRANSACTION

  • control field: 20260414132950.0

008 - FIXED-LENGTH DATA ELEMENTS

  • fixed length control field: 260414|| aca||aabn | a|a d

040 ## - CATALOGING SOURCE

  • Original cataloging agency: NUST
  • Transcribing agency: NUST

100 ## - HEADING--PERSONAL NAME

  • Personal name: Shah, Muneeb Ullah

670 ## - SOURCE DATA FOUND

  • Source citation: Work cat.: (NUST): Shah, Muneeb Ullah, The Power of Machine Learning: A Comparative Analysis of Traditional Econometrics and Machine Learning Models in Child Health/
© 2023 Central Library, National University of Sciences and Technology. All Rights Reserved.